01026nam a22001937a 450000500170000000800410001704100080005804400070006608200170007311000450009024202630013524502280039826000340062630000480066050400470070865000170075565000340077265000260080620200104041624.0140317b fr ad gr|||| 00| 0 eng d aeng afr a333.72bI23p2 aInstitut Français de la Biodiversité10aÁreas Protegidas: combinando la conservación de la biodiversidad y desarrollo sosteniblebFundamentos y recomendaciones para una cooperación estrategica para el desarrollo en gestión de protección de áreacInstitut Français de la Biodiversité10aProtected Areas: combining biodiversity conservation and sustainable developmentbFoundations and recommendations for a development cooperation strategy on protected area managementcInstitut Français de la Biodiversité3 aParisbImprimerie Launayc[?] a51 p.bil., fot., tablas, gráficasc26 cm aIncluye bibliografía (páginas 49 y 50) 4aProtección 4aBiodiversidadxConservación 4aDesarrollo sostenible